[Event "Edmonton Halloween op"]
[Site "Edmonton CAN"]
[Date "2007.10.11"]
[Round "2"]
[White "Motuz, Vitaly"]
[Black "Gardner, Robert"]
[Result "0-1"]
[WhiteElo "1794"]
[BlackElo "2260"]
[PlyCount "128"]
[GameId "2160767910579013"]
[EventDate "2007.10.04"]
[EventType "swiss"]
[EventRounds "4"]
[EventCountry "CAN"]
[SourceTitle "EXT 2022"]
[Source "ChessBase"]
[SourceDate "2021.10.06"]
[SourceVersion "1"]
[SourceVersionDate "2021.10.06"]
[SourceQuality "1"]

1. e4 c5 2. Nf3 d6 3. d4 cxd4 4. Nxd4 Nf6 5. Nc3 a6 6. Bd3 Nc6 7. Nxc6 bxc6 8. O-O e5 9. f4 Be7 10. Qe1 O-O 11. Be3 Ng4 12. Bd2 Qb6+ 13. Kh1 exf4 14. Bxf4 Qxb2 15. Rb1 Qa3 16. Rb3 Qc5 17. Na4 Qh5 18. Nb6 Be6 19. Nxa8 Bxb3 20. cxb3 Rxa8 21. Qg3 Ne5 22. Bxe5 Qxe5 23. Qxe5 dxe5 24. Bc4 Bf6 25. Rd1 Kf8 26. Rd6 Rc8 27. Bxa6 Rc7 28. Bc4 Ke7 29. Rd1 Bg5 30. Kg1 Be3+ 31. Kf1 g6 32. Ke2 Bd4 33. Rf1 f6 34. g4 Rd7 35. Rd1 Rd8 36. a4 Rh8 37. h4 h5 38. g5 fxg5 39. hxg5 h4 40. Rh1 h3 41. a5 h2 42. a6 Bg1 43. Kf3 Kd6 44. Ke2 Rf8 45. Kd2 Kc7 46. Kc3 Rf4 47. b4 Kb6 48. Kb3 Rg4 49. Bd3 Rxg5 50. Ka4 Rg3 51. Bf1 g5 52. b5 cxb5+ 53. Bxb5 g4 54. Kb4 Re3 55. Bf1 Rxe4+ 56. Kc3 Re1 57. Bg2 Re2 58. Bb7 g3 59. Kd3 Re3+ 60. Kd2 e4 61. Kd1 g2 62. Rxg1 hxg1=Q+ 63. Kd2 Qf2+ 64. Kd1 g1=Q# 0-1

[Event "Edmonton Halloween op"]
[Site "Edmonton CAN"]
[Date "2007.10.11"]
[Round "2"]
[White "Pedersen, Rick"]
[Black "Bae, Torstein"]
[Result "0-1"]
[WhiteElo "1967"]
[BlackElo "2383"]
[PlyCount "50"]
[GameId "2160767910579014"]
[EventDate "2007.10.04"]
[EventType "swiss"]
[EventRounds "4"]
[EventCountry "CAN"]
[SourceTitle "EXT 2022"]
[Source "ChessBase"]
[SourceDate "2021.10.06"]
[SourceVersion "1"]
[SourceVersionDate "2021.10.06"]
[SourceQuality "1"]

1. e4 c5 2. Nf3 d6 3. d4 cxd4 4. Nxd4 Nf6 5. Nc3 a6 6. Bc4 e6 7. Bb3 Nbd7 8. f4 Nc5 9. Be3 Nfxe4 10. Nxe4 Nxe4 11. O-O Be7 12. f5 e5 13. Bxf7+ Kxf7 14. Qh5+ Kg8 15. Ne6 Nf6 16. Qg5 Bxe6 17. fxe6 Qc8 18. Qf5 Qc4 19. Rf3 Qg4 20. Raf1 Qxf5 21. Rxf5 h6 22. R1f3 Kh7 23. Rh3 Rhf8 24. Bg5 Kg6 25. g4 hxg5 0-1

[Event "Edmonton Halloween op"]
[Site "Edmonton CAN"]
[Date "2007.10.11"]
[Round "2"]
[White "Stark, Mark"]
[Black "Hughey, Micah"]
[Result "0-1"]
[WhiteElo "2027"]
[BlackElo "2120"]
[PlyCount "134"]
[GameId "2160767910579015"]
[EventDate "2007.10.04"]
[EventType "swiss"]
[EventRounds "4"]
[EventCountry "CAN"]
[SourceTitle "EXT 2022"]
[Source "ChessBase"]
[SourceDate "2021.10.06"]
[SourceVersion "1"]
[SourceVersionDate "2021.10.06"]
[SourceQuality "1"]

1. c4 e6 2. g3 d5 3. Bg2 c5 4. Nf3 Nf6 5. O-O Nc6 6. b3 Be7 7. d3 O-O 8. Nbd2 a6 9. a4 b6 10. e4 Nb4 11. Ne1 Bb7 12. e5 Nd7 13. Qe2 Qc7 14. f4 Rae8 15. Ndf3 f6 16. Bh3 fxe5 17. fxe5 Bd8 18. Bf4 h6 19. Nc2 Nxc2 20. Qxc2 d4 21. Qe2 Bxf3 22. Rxf3 g5 23. Qe4 Kg7 24. Bg4 gxf4 25. gxf4 Rg8 26. Kf2 Nf8 27. Bh5 Bh4+ 28. Ke2 Rb8 29. Rh3 Bd8 30. Be8 Nh7 31. Rg1+ Kf8 32. Rxg8+ Kxg8 33. Rxh6 Nf8 34. Rh3 Qb7 35. Rg3+ Kh8 36. Bc6 Qh7 37. Qg2 Bh4 38. Rg4 Be7 39. Be4 Qf7 40. Rg3 Qh5+ 41. Kd2 Nh7 42. Bxh7 Qxh7 43. Rh3 Bh4 44. Qg4 Rg8 45. Qxh4 Rg2+ 46. Kc1 Qxh4 47. Rxh4+ Kg7 48. Rh3 Kf7 49. Rh7+ Kg6 50. Re7 Rxh2 51. Rxe6+ Kf5 52. Rf6+ Kg4 53. f5 Kf4 54. e6 Rh1+ 55. Kb2 Rh2+ 56. Ka3 Re2 57. Rf7 Ke3 58. Rb7 Kxd3 59. f6 Rxe6 60. f7 Rf6 61. f8=Q Rxf8 62. Rxb6 Kc2 63. Rxa6 Rd8 64. Rh6 d3 65. b4 d2 66. Rh2 Rd3+ 67. Ka2 cxb4 0-1

[Event "Edmonton Halloween op"]
[Site "Edmonton CAN"]
[Date "2007.10.18"]
[Round "3"]
[White "Motuz, Vitaly"]
[Black "Pedersen, Rick"]
[Result "1-0"]
[WhiteElo "1794"]
[BlackElo "1967"]
[PlyCount "67"]
[GameId "2160767910579017"]
[EventDate "2007.10.04"]
[EventType "swiss"]
[EventRounds "4"]
[EventCountry "CAN"]
[SourceTitle "EXT 2022"]
[Source "ChessBase"]
[SourceDate "2021.10.06"]
[SourceVersion "1"]
[SourceVersionDate "2021.10.06"]
[SourceQuality "1"]

1. e4 d6 2. d4 Nf6 3. Nc3 g6 4. Bg5 c6 5. f4 Bg7 6. Nf3 Bg4 7. Bd3 h6 8. Bxf6 Bxf6 9. e5 Bg7 10. h3 Bxf3 11. Qxf3 Nd7 12. e6 Nf8 13. exf7+ Kxf7 14. O-O-O d5 15. h4 Bf6 16. h5 Kg7 17. Bxg6 Nxg6 18. hxg6 b5 19. Ne2 Qe8 20. Rh3 h5 21. f5 e5 22. Rxh5 e4 23. Qg4 Rxh5 24. Qxh5 Qh8 25. Nf4 Qh6 26. Kb1 Rh8 27. Rh1 Bg5 28. Ne6+ Kg8 29. f6 Bxf6 30. Qxh6 Rxh6 31. Rxh6 e3 32. Kc1 Be7 33. Rh7 Bd6 34. Rxa7 1-0

[Event "Edmonton Halloween op"]
[Site "Edmonton CAN"]
[Date "2007.10.18"]
[Round "3"]
[White "Rekhson, Vladislav"]
[Black "Wihnon, Jason"]
[Result "1-0"]
[WhiteElo "2141"]
[BlackElo "1802"]
[PlyCount "56"]
[GameId "2160767910579018"]
[EventDate "2007.10.04"]
[EventType "swiss"]
[EventRounds "4"]
[EventCountry "CAN"]
[SourceTitle "EXT 2022"]
[Source "ChessBase"]
[SourceDate "2021.10.06"]
[SourceVersion "1"]
[SourceVersionDate "2021.10.06"]
[SourceQuality "1"]

1. e4 e5 2. Nf3 Nc6 3. Bb5 Nf6 4. d3 Bc5 5. c3 O-O 6. O-O d6 7. Bg5 h6 8. Bh4 g5 9. Bg3 Qe7 10. Qc1 Nh5 11. a4 a6 12. Bc4 Be6 13. Nbd2 Nxg3 14. hxg3 Bxc4 15. Nxc4 f5 16. b4 Ba7 17. b5 Nd8 18. Ne3 Bxe3 19. Qxe3 axb5 20. axb5 f4 21. gxf4 gxf4 22. Qe2 Rxa1 23. Rxa1 Ne6 24. d4 Ng5 25. Ra7 Nxf3+ 26. Qxf3 Rb8 27. Qg4+ Qg5 28. Qe6+ Kh8 1-0

[Event "Edmonton Halloween op"]
[Site "Edmonton CAN"]
[Date "2007.10.25"]
[Round "4"]
[White "Amasaib, Magdi"]
[Black "Seehagen, Terry"]
[Result "1-0"]
[WhiteElo "1869"]
[BlackElo "1666"]
[PlyCount "38"]
[GameId "2160767910579020"]
[EventDate "2007.10.04"]
[EventType "swiss"]
[EventRounds "4"]
[EventCountry "CAN"]
[SourceTitle "EXT 2022"]
[Source "ChessBase"]
[SourceDate "2021.10.06"]
[SourceVersion "1"]
[SourceVersionDate "2021.10.06"]
[SourceQuality "1"]

1. e4 d5 2. exd5 Nf6 3. c4 c6 4. dxc6 Nxc6 5. Nf3 e5 6. d3 Bc5 7. Bg5 Qb6 8. Qc2 Ng4 9. h3 Bxf2+ 10. Kd1 Ne3+ 11. Bxe3 Bxe3 12. Nc3 Nb4 13. Qe2 e4 14. Nxe4 Bf5 15. c5 O-O-O 16. Qxe3 Rhe8 17. cxb6 Bxe4 18. Qc5+ Nc6 19. bxa7 Kc7 1-0

[Event "Edmonton Halloween op"]
[Site "Edmonton CAN"]
[Date "2007.10.25"]
[Round "4"]
[White "Bae, Torstein"]
[Black "Gardner, Robert"]
[Result "1-0"]
[WhiteElo "2402"]
[BlackElo "2161"]
[PlyCount "63"]
[GameId "2160767910579021"]
[EventDate "2007.10.04"]
[EventType "swiss"]
[EventRounds "4"]
[EventCountry "CAN"]
[SourceTitle "EXT 2022"]
[Source "ChessBase"]
[SourceDate "2021.10.06"]
[SourceVersion "1"]
[SourceVersionDate "2021.10.06"]
[SourceQuality "1"]

1. d4 Nf6 2. Nf3 e6 3. c4 b6 4. e3 Bb7 5. Bd3 Ne4 6. O-O f5 7. Ne5 Qh4 8. f3 Nf6 9. g3 Qh5 10. Be2 d6 11. Qa4+ c6 12. Nd3 Be7 13. Nc3 O-O 14. Nf4 Qf7 15. d5 e5 16. Ne6 Rc8 17. e4 fxe4 18. fxe4 Qg6 19. Qd1 cxd5 20. exd5 Nbd7 21. Be3 h5 22. Bd3 e4 23. Nxe4 Nxe4 24. Rf4 Ndf6 25. Bd4 Rxc4 26. Bxc4 Nxg3 27. hxg3 Qxg3+ 28. Kf1 Nxd5 29. Qf3 Qxf3+ 30. Rxf3 Rc8 31. Bb3 Nf6 32. Nd8+ 1-0

[Event "Edmonton Halloween op"]
[Site "Edmonton CAN"]
[Date "2007.10.25"]
[Round "4"]
[White "Hughey, Micah"]
[Black "Ostapchuk, David"]
[Result "1-0"]
[WhiteElo "2124"]
[BlackElo "1760"]
[PlyCount "61"]
[GameId "2160767910579022"]
[EventDate "2007.10.04"]
[EventType "swiss"]
[EventRounds "4"]
[EventCountry "CAN"]
[SourceTitle "EXT 2022"]
[Source "ChessBase"]
[SourceDate "2021.10.06"]
[SourceVersion "1"]
[SourceVersionDate "2021.10.06"]
[SourceQuality "1"]

1. d4 e6 2. c4 d5 3. Nc3 Nc6 4. Nf3 Bb4 5. Bg5 f6 6. Bf4 Nge7 7. cxd5 Nxd5 8. Bd2 Nxc3 9. bxc3 Bd6 10. e4 O-O 11. Bc4 Na5 12. Bd3 c5 13. O-O b6 14. Qe2 Bb7 15. e5 Bxf3 16. Qxf3 fxe5 17. Qh5 g6 18. Bxg6 hxg6 19. Qxg6+ Kh8 20. dxe5 Bxe5 21. Qh5+ Kg8 22. Qxe5 Qxd2 23. Rad1 Qh6 24. Rd3 Rf5 25. Rg3+ Kf7 26. Qc7+ Kf6 27. Rd1 Rf8 28. Qxa7 Nc4 29. h3 Rf7 30. Qb8 Qf4 31. Qh8+ 1-0

[Event "Edmonton Halloween op"]
[Site "Edmonton CAN"]
[Date "2007.10.25"]
[Round "4"]
[White "Pua, Richard"]
[Black "Motuz, Vitaly"]
[Result "0-1"]
[WhiteElo "1958"]
[BlackElo "1892"]
[PlyCount "96"]
[GameId "2160767910579024"]
[EventDate "2007.10.04"]
[EventType "swiss"]
[EventRounds "4"]
[EventCountry "CAN"]
[SourceTitle "EXT 2022"]
[Source "ChessBase"]
[SourceDate "2021.10.06"]
[SourceVersion "1"]
[SourceVersionDate "2021.10.06"]
[SourceQuality "1"]

1. d4 g6 2. e4 d6 3. Nf3 Bg7 4. Bc4 Nf6 5. Nc3 O-O 6. O-O Nxe4 7. Nxe4 d5 8. Bd3 dxe4 9. Bxe4 Nd7 10. c3 c5 11. dxc5 Nxc5 12. Bc2 e5 13. Be3 b6 14. Qxd8 Rxd8 15. Rfd1 Ba6 16. Bxc5 bxc5 17. Be4 Rab8 18. b3 h6 19. c4 f5 20. Bd5+ Kh7 21. Rac1 e4 22. Ne1 Bb7 23. Bxb7 Rxd1 24. Rxd1 Rxb7 25. Rd5 Rc7 26. g3 Kg8 27. Kf1 Kf7 28. Nc2 Ke6 29. Ke2 Bf8 30. Ne3 Rf7 31. Ng2 g5 32. Ke3 Rd7 33. Rxd7 Kxd7 34. h3 Ke6 35. g4 Bg7 36. gxf5+ Kxf5 37. f3 Bd4+ 38. Ke2 h5 39. a3 a5 40. Ne3+ Bxe3 41. Kxe3 exf3 42. Kxf3 g4+ 43. hxg4+ hxg4+ 44. Kg3 Kg5 45. Kg2 Kf4 46. Kf2 Ke4 47. Kg3 Kd3 48. b4 Kxc4 0-1

[Event "Edmonton Halloween op"]
[Site "Edmonton CAN"]
[Date "2007.10.25"]
[Round "4"]
[White "Wu, Allan"]
[Black "Reuter, Gerhard"]
[Result "1-0"]
[WhiteElo "1700"]
[BlackElo "1600"]
[PlyCount "107"]
[GameId "2160767910579025"]
[EventDate "2007.10.04"]
[EventType "swiss"]
[EventRounds "4"]
[EventCountry "CAN"]
[SourceTitle "EXT 2022"]
[Source "ChessBase"]
[SourceDate "2021.10.06"]
[SourceVersion "1"]
[SourceVersionDate "2021.10.06"]
[SourceQuality "1"]

1. c4 f5 2. Nc3 e5 3. d3 Nf6 4. Nf3 Nc6 5. g3 Be7 6. Bg2 d6 7. a3 O-O 8. b4 Qe8 9. Bb2 Be6 10. Ng5 Nd8 11. Nxe6 Nxe6 12. Bxb7 Rd8 13. b5 Nc5 14. Bc6 Qg6 15. Nd5 Nxd5 16. Bxd5+ Kh8 17. a4 Bf6 18. O-O e4 19. Bxf6 Rxf6 20. Kg2 f4 21. dxe4 Nxe4 22. Qc2 Re8 23. Rad1 Nc5 24. Qxg6 hxg6 25. Rfe1 g5 26. a5 Kh7 27. Rb1 fxg3 28. hxg3 Ne4 29. f3 Nc3 30. Rb2 Kg6 31. Rc2 Nxd5 32. cxd5 Rf7 33. Rc4 Re3 34. Rb4 Rf5 35. Kf2 Rfe5 36. b6 cxb6 37. axb6 axb6 38. Rxb6 Rc3 39. Rxd6+ Kf7 40. Rd7+ Ke8 41. Rxg7 Rxd5 42. Rh1 Kf8 43. Ra7 Kg8 44. Rb1 Rc8 45. Rbb7 Rdc5 46. Rg7+ Kf8 47. Raf7+ Ke8 48. Rh7 Re5 49. Ra7 Rf5 50. Rae7+ Kf8 51. Reg7 Re8 52. Rd7 Kg8 53. Rde7 Re5 54. Rxe8+ 1-0

[Event "Edmonton int."]
[Site "Edmonton CAN"]
[Date "2007.08.06"]
[Round "8"]
[White "Huber, Gregory"]
[Black "Li, Zhichao"]
[Result "1/2-1/2"]
[WhiteElo "2211"]
[BlackElo "2143"]
[PlyCount "167"]
[GameId "2160767910579979"]
[EventDate "2007.08.02"]
[EventType "tourn"]
[EventRounds "9"]
[EventCountry "CAN"]
[EventCategory "4"]
[SourceTitle "CBM 119 Extra"]
[Source "ChessBase"]
[SourceDate "2007.09.04"]
[SourceVersion "1"]
[SourceVersionDate "2007.09.04"]
[SourceQuality "1"]

1. e4 d5 2. exd5 Qxd5 3. Nc3 Qa5 4. d4 Nf6 5. Nf3 c6 6. Bd2 Bf5 7. Ne4 Qc7 8. Nxf6+ gxf6 9. g3 Bg7 10. Bg2 Qd7 11. Nh4 Bg4 12. Bf3 Bxf3 13. Qxf3 Qd5 14. Qxd5 cxd5 15. Nf5 Bf8 16. O-O-O Nc6 17. Rhe1 O-O-O 18. Bh6 e6 19. Bxf8 Rhxf8 20. Ne3 f5 21. c3 Rg8 22. Ng2 b5 23. Nf4 Nb8 24. Kc2 Rd6 25. Ra1 Kb7 26. Nd3 Nd7 27. a4 bxa4 28. Rxa4 Ra6 29. Rxa6 Kxa6 30. b3 Rc8 31. Ra1+ Kb7 32. Ra4 Rc6 33. Ne5 Rc7 34. Kd2 Nb6 35. Ra1 Nd7 36. Nd3 Rc6 37. Nb4 Rc8 38. Ra5 Kb6 39. Ra6+ Kb7 40. Ra1 Nf6 41. f3 Nd7 42. Nd3 Rc6 43. Nb4 Rc8 44. Rf1 h5 45. Rg1 Rg8 46. Nd3 h4 47. Ke3 hxg3 48. hxg3 Rc8 49. Rc1 Rh8 50. Kf4 Rh2 51. Nc5+ Kc6 52. Nxd7 Kxd7 53. Ra1 Rc2 54. Rxa7+ Kd6 55. Ra6+ Kd7 56. c4 dxc4 57. bxc4 Rxc4 58. Ke5 Rc3 59. Ra7+ Ke8 60. Ra8+ Ke7 61. Ra7+ Ke8 62. Kf6 Rxf3 63. Re7+ Kd8 64. Rxf7 Rxg3 65. Kxe6 Rg6+ 66. Ke5 f4 67. d5 f3 68. Rxf3 Rh6 69. Rf7 Rg6 70. Rh7 Ra6 71. Rh8+ Kd7 72. Rh7+ Kd8 73. Rf7 Rh6 74. Rf6 Rxf6 75. Kxf6 Kd7 76. Ke5 Ke7 77. Kf5 Kd6 78. Ke4 Kd7 79. Ke5 Ke7 80. d6+ Kd7 81. Kd5 Kd8 82. Kc6 Kc8 83. d7+ Kd8 84. Kd6 1/2-1/2

[Event "Edmonton-ch"]
[Site "Edmonton CAN"]
[Date "2007.01.04"]
[Round "1.1"]
[White "Hughey, Micah"]
[Black "Stark, Mark"]
[Result "1-0"]
[WhiteElo "2296"]
[BlackElo "1967"]
[PlyCount "69"]
[GameId "2160767910739473"]
[EventDate "2007.01.04"]
[EventType "k.o."]
[EventRounds "4"]
[EventCountry "CAN"]

1. e4 d5 2. exd5 Qxd5 3. Nc3 Qa5 4. d4 c6 5. Nf3 Nf6 6. Bd2 Bg4 7. h3 Bf5 8. Bc4 h5 9. Nd5 Qd8 10. Nxf6+ gxf6 11. Bf4 e6 12. Qe2 Be7 13. O-O-O h4 14. g3 hxg3 15. fxg3 Nd7 16. Nh4 Rxh4 17. gxh4 Nb6 18. Rhg1 Bf8 19. Rg8 Qe7 20. Bd3 Bxd3 21. Rxd3 O-O-O 22. h5 Nd5 23. Bd2 Qd6 24. Qf2 Ne7 25. h6 Qd5 26. h7 Ng6 27. h8=Q Nxh8 28. Rxh8 Qxa2 29. Bc3 f5 30. d5 Qa1+ 31. Kd2 Be7 32. Rxd8+ Bxd8 33. dxc6 Bg5+ 34. Ke2 bxc6 35. Qg2 1-0

[Event "Edmonton-ch"]
[Site "Edmonton CAN"]
[Date "2007.01.04"]
[Round "1.1"]
[White "Rekhson, Vladislav"]
[Black "Mrugala, David"]
[Result "1-0"]
[WhiteElo "2201"]
[BlackElo "1999"]
[PlyCount "85"]
[GameId "2160767910739474"]
[EventDate "2007.01.04"]
[EventType "k.o."]
[EventRounds "4"]
[EventCountry "CAN"]

1. e4 c6 2. d4 d5 3. e5 Bf5 4. Ne2 e6 5. Ng3 Bg6 6. h4 h6 7. h5 Bh7 8. Bd3 Bxd3 9. cxd3 c5 10. dxc5 Bxc5 11. d4 Bb4+ 12. Nc3 Nc6 13. Be3 Nge7 14. Qg4 Qa5 15. O-O Rg8 16. Rfc1 Kd7 17. a3 Bxc3 18. Rxc3 Qb6 19. b4 a5 20. Rb1 axb4 21. Rcb3 Qb5 22. Bd2 Ra4 23. Bxb4 Nxb4 24. Rxb4 Rxb4 25. Rxb4 Qa6 26. Qd1 Nc6 27. Rb1 b5 28. Qf3 Ke7 29. Qd3 Na7 30. Ne2 Rc8 31. Nc3 Rc4 32. Ne2 Nc6 33. Qh7 Qxa3 34. Qxg7 Qd3 35. Rxb5 Nd8 36. Ra5 Qd1+ 37. Kh2 Rc7 38. Qf6+ Ke8 39. Ra8 Rd7 40. Nf4 Qg4 41. f3 Qf5 42. Qxf5 exf5 43. Ra6 1-0

[Event "FIDE Montreal"]
[Site "Montreal CAN"]
[Date "2007.11.11"]
[Round "1"]
[White "Gauthier, Denis"]
[Black "Malveau, Cedric"]
[Result "0-1"]
[WhiteElo "2019"]
[BlackElo "1983"]
[PlyCount "76"]
[GameId "2160767910566113"]
[EventDate "2007.11.11"]
[EventType "tourn"]
[EventRounds "7"]
[EventCountry "CAN"]

1. d4 Nf6 2. c4 e6 3. Nf3 Bb4+ 4. Nbd2 b6 5. a3 Bxd2+ 6. Bxd2 Bb7 7. Bg5 d6 8. e3 Nbd7 9. Bd3 h6 10. Bh4 g5 11. Bg3 h5 12. h3 Rg8 13. Qc2 Qe7 14. e4 h4 15. Bh2 e5 16. c5 dxc5 17. dxe5 Nh5 18. e6 Qxe6 19. Bxc7 Rc8 20. Bh2 c4 21. Be2 Qxe4 22. Qxe4+ Bxe4 23. Nd2 Nhf6 24. Nxc4 Kf8 25. O-O Bd5 26. Rac1 Nc5 27. Nxb6 axb6 28. b4 Re8 29. bxc5 Rxe2 30. cxb6 Rb2 31. Bc7 Kg7 32. Rfd1 Bb7 33. Rc5 Kg6 34. Rd6 Rb1+ 35. Kh2 Re8 36. Bd8 Ree1 37. Rxf6+ Kg7 38. Rxg5+ Kf8 0-1

[Event "FIDE Montreal"]
[Site "Montreal CAN"]
[Date "2007.11.25"]
[Round "3"]
[White "Malveau, Cedric"]
[Black "Tessier, Olivier"]
[Result "0-1"]
[WhiteElo "1983"]
[BlackElo "2222"]
[PlyCount "86"]
[GameId "2160767910566115"]
[EventDate "2007.11.11"]
[EventType "tourn"]
[EventRounds "7"]
[EventCountry "CAN"]

1. d4 Nf6 2. Nf3 c5 3. dxc5 Nc6 4. g3 e5 5. Be3 Ng4 6. Qd2 Nxe3 7. Qxe3 Qa5+ 8. Qc3 Qxc5 9. Bg2 d5 10. O-O e4 11. Ng5 Qe7 12. Qd2 f6 13. Nh3 Qe5 14. c3 Bc5 15. Nf4 d4 16. cxd4 Bxd4 17. Nc3 e3 18. Qd3 Bf5 19. Qc4 exf2+ 20. Kh1 Rc8 21. Rfd1 Bd7 22. Rd3 g5 23. Nh5 Bxc3 24. Rxc3 Ne7 25. Qb3 Rxc3 26. Qxc3 Kf7 27. Qxe5 fxe5 28. h3 g4 29. hxg4 Bxg4 30. Bf3 Bh3 31. Bg2 Be6 32. Bf3 Kg6 33. e4 Bh3 34. Bg2 Bxg2+ 35. Kxg2 Kxh5 36. Kxf2 Rf8+ 37. Ke3 Nc6 38. Rh1+ Kg6 39. Rd1 Nd4 40. Kd3 b5 41. Rc1 Rf3+ 42. Kd2 Rxg3 43. Rc5 h5 0-1

[Event "FIDE Montreal"]
[Site "Montreal CAN"]
[Date "2007.12.09"]
[Round "5"]
[White "Malveau, Cedric"]
[Black "Jiang, Louie"]
[Result "0-1"]
[WhiteElo "1983"]
[BlackElo "2127"]
[PlyCount "106"]
[GameId "2160767910566116"]
[EventDate "2007.11.11"]
[EventType "tourn"]
[EventRounds "7"]
[EventCountry "CAN"]

1. e4 c5 2. Nc3 Nc6 3. g3 g6 4. Bg2 Bg7 5. d3 d6 6. Be3 Rb8 7. Nge2 e6 8. Qd2 b5 9. O-O b4 10. Nd1 Ba6 11. c3 Ne5 12. Nc1 Ne7 13. h3 O-O 14. f4 bxc3 15. bxc3 Nd7 16. Ne2 Qa5 17. g4 f5 18. Rc1 Nb6 19. Qc2 Rfc8 20. Bd2 fxe4 21. Bxe4 d5 22. Bg2 Qb5 23. Nf2 Qa4 24. Ng3 Qxc2 25. Rxc2 Na4 26. Re1 Kf7 27. c4 Nb2 28. Bc3 Bxc3 29. Rxc3 dxc4 30. dxc4 Bxc4 31. Nfe4 Rb6 32. Ng5+ Kg7 33. Rce3 Bxa2 34. Ra1 h6 35. Rxa2 hxg5 36. fxg5 Rc7 37. Rea3 Nc8 38. Be4 c4 39. Ne2 Nd1 40. Nf4 c3 41. Bc2 Ne3 42. Kf2 Nd5 43. Nd3 Rbb7 44. Ra1 Nd6 45. Re1 Nb5 46. Ra4 Rb6 47. Rae4 Na3 48. Ba4 Rc4 49. Rxc4 Nxc4 50. Bd7 e5 51. Nxe5 Nxe5 52. Rxe5 c2 53. Re1 Rb1 0-1

[Event "FIDE Montreal"]
[Site "Montreal CAN"]
[Date "2007.12.16"]
[Round "6"]
[White "Gauthier, Denis"]
[Black "Tessier, Olivier"]
[Result "0-1"]
[WhiteElo "2019"]
[BlackElo "2222"]
[PlyCount "46"]
[GameId "2160767910566117"]
[EventDate "2007.11.11"]
[EventType "tourn"]
[EventRounds "7"]
[EventCountry "CAN"]

1. d4 Nf6 2. c4 c5 3. d5 b5 4. cxb5 a6 5. f3 e6 6. e4 c4 7. Bxc4 axb5 8. Bb3 Qb6 9. Nh3 Bc5 10. Bg5 e5 11. Nd2 d6 12. Qe2 Bxh3 13. gxh3 Nh5 14. f4 Nxf4 15. Bxf4 exf4 16. e5 O-O 17. O-O-O dxe5 18. Qxe5 Be3 19. Kb1 Nd7 20. Qf5 Nc5 21. h4 Bxd2 22. Rxd2 Nxb3 23. axb3 Qa7 0-1

[Event "FIDE Montreal"]
[Site "Montreal CAN"]
[Date "2007.12.16"]
[Round "6"]
[White "Le Duin, Thierry"]
[Black "Malveau, Cedric"]
[Result "0-1"]
[WhiteElo "2092"]
[BlackElo "1983"]
[PlyCount "68"]
[GameId "2160767910566118"]
[EventDate "2007.11.11"]
[EventType "tourn"]
[EventRounds "7"]
[EventCountry "CAN"]

1. d4 Nf6 2. Nf3 e6 3. Bg5 c5 4. e3 h6 5. Bh4 b6 6. c3 Bb7 7. Nbd2 cxd4 8. exd4 Be7 9. Bd3 Nh5 10. Bxe7 Qxe7 11. g3 Nf6 12. O-O O-O 13. Re1 d6 14. Nh4 Qc7 15. Rc1 Qc6 16. Ne4 Nbd7 17. Ng2 Nh7 18. f3 Rae8 19. Qb3 f5 20. Bb5 Qc7 21. Nd2 Ng5 22. Nf4 a6 23. Bxd7 Qxd7 24. h4 Nxf3+ 25. Nxf3 Bxf3 26. Nxe6 Rf7 27. Nf4 b5 28. Rxe8+ Qxe8 29. Kf2 Be4 30. Qe6 Qxe6 31. Nxe6 Re7 32. Nf4 g5 33. hxg5 hxg5 34. Nh3 g4 0-1

[Event "Fall 50 50 Pro-Am"]
[Site "Guelph CAN"]
[Date "2007.11.03"]
[Round "1"]
[White "Demmery, Steve"]
[Black "Sambuev, Bator"]
[Result "0-1"]
[WhiteElo "2162"]
[BlackElo "2524"]
[PlyCount "64"]
[GameId "2160767910574453"]
[EventDate "2007.11.03"]
[EventType "swiss"]
[EventRounds "5"]
[EventCountry "CAN"]
[SourceTitle "EXT 2022"]
[Source "ChessBase"]
[SourceDate "2021.10.06"]
[SourceVersion "1"]
[SourceVersionDate "2021.10.06"]
[SourceQuality "1"]

1. d4 Nf6 2. c4 e6 3. g3 c5 4. Nf3 d5 5. cxd5 exd5 6. Bg2 Nc6 7. O-O Be7 8. dxc5 Bxc5 9. Qc2 Be7 10. a3 O-O 11. Rd1 Bg4 12. Nc3 h6 13. Be3 Na5 14. h3 Be6 15. Nd4 Nc4 16. Bf4 Qc8 17. Nxe6 fxe6 18. g4 Nxg4 19. Bc1 Qc5 20. e3 Rxf2 21. Qg6 Rxg2+ 22. Kxg2 Ngxe3+ 23. Bxe3 Nxe3+ 24. Kh1 Nxd1 25. Qxe6+ Kh8 26. Rxd1 Rf8 27. Nxd5 Bg5 28. Qg4 Qc2 29. Rg1 Qxb2 30. h4 Qe5 31. Nb4 Be7 32. h5 Bd6 0-1

[Event "Fall 50 50 Pro-Am"]
[Site "Guelph CAN"]
[Date "2007.11.03"]
[Round "1"]
[White "Ferreira, Alex"]
[Black "Sapozhnikov, Roman"]
[Result "1/2-1/2"]
[WhiteElo "2010"]
[BlackElo "2207"]
[PlyCount "58"]
[GameId "2160767910574454"]
[EventDate "2007.11.03"]
[EventType "swiss"]
[EventRounds "5"]
[EventCountry "CAN"]
[SourceTitle "EXT 2022"]
[Source "ChessBase"]
[SourceDate "2021.10.06"]
[SourceVersion "1"]
[SourceVersionDate "2021.10.06"]
[SourceQuality "1"]

1. e4 c5 2. Nf3 d6 3. d4 cxd4 4. Nxd4 Nf6 5. Nc3 a6 6. a4 e5 7. Nf3 Be7 8. Be2 h6 9. O-O Be6 10. Ne1 d5 11. exd5 Nxd5 12. Nxd5 Qxd5 13. Qxd5 Bxd5 14. Nd3 Nd7 15. Bg4 e4 16. Nf4 Bc6 17. Bxd7+ Kxd7 18. Be3 Bd6 19. Rfd1 Ke7 20. Nd5+ Bxd5 21. Rxd5 Ke6 22. Rad1 Be7 23. Bb6 Rac8 24. c3 Rc6 25. a5 Rd6 26. c4 Rc8 27. b3 Rxd5 28. Rxd5 Rc6 29. Bd4 f6 1/2-1/2

[Event "Fall 50 50 Pro-Am"]
[Site "Guelph CAN"]
[Date "2007.11.03"]
[Round "1"]
[White "Plotkin, Victor"]
[Black "Sundar, Avinaash"]
[Result "1-0"]
[WhiteElo "2309"]
[BlackElo "2082"]
[PlyCount "90"]
[GameId "2160767910574456"]
[EventDate "2007.11.03"]
[EventType "swiss"]
[EventRounds "5"]
[EventCountry "CAN"]

1. e4 c5 2. c3 d5 3. exd5 Qxd5 4. d4 Nf6 5. Nf3 Bg4 6. dxc5 Qxd1+ 7. Kxd1 e5 8. b4 e4 9. h3 Bh5 10. g4 Nxg4 11. hxg4 Bxg4 12. Nbd2 Nc6 13. Be2 exf3 14. Bxf3 Bxf3+ 15. Nxf3 O-O-O+ 16. Kc2 Be7 17. Be3 Bf6 18. Nd2 Ne5 19. Ne4 Be7 20. Bd4 f6 21. Bxe5 fxe5 22. Rh5 Rd5 23. f4 Rf8 24. fxe5 g6 25. Rxh7 Rxe5 26. Nd6+ Bxd6 27. cxd6 Rd5 28. Re1 Rxd6 29. Ree7 Rb6 30. a4 a6 31. Kb3 Rc6 32. b5 axb5 33. axb5 Rc5 34. Kb4 b6 35. c4 Kd8 36. Rb7 g5 37. Rxb6 Rc7 38. Rxc7 Kxc7 39. Rg6 Rf5 40. c5 Kb7 41. Rg7+ Kb8 42. c6 Kc8 43. b6 Kd8 44. c7+ Kc8 45. Rg8+ Kb7 1-0